=LDR 00000nam 2200000 4500 =001 INLIS000000000049000 =005 20170118093332.0 =006 =007 =008 =020 ##$$a 978-979-21-4283-9 =035 ##$$0010-011700000000281 =040 ##$$a NBPDMAT =082 ##$$a 370 .114 =090 ##$$a 370 .114 Don s =100 ##$$a Doni koesoema A =245 ##$$a Strategi pendidikan karakter : Revolusi mental dalam lembaga pendidikan / $c Doni koesoema A . ; editor c. erni setiyowati, Martinusd Herka, Yoset Bayu A =250 ##$$a Cet .2 =260 ##$$a Yogyakarta : $b Kanisius , $c 2016 =300 ##$$a XVII, 158 hlm . ; 19 cm =500 ##$$a Bibliografi : hlm .153 - 156 =500 ##$$a Biografi : hlm .157 - 158 =650 ##$$a Pendidikan Moral =700 ##$$a C. Erni setiyowati =700 ##$$a Martinus Herka =700 ##$$a Yoset Bayu A